| 000 | 00311 a2200133 4500 | ||
|---|---|---|---|
| 999 |
_c325413 _d325413 |
||
| 001 | 90340 | ||
| 003 | NUST | ||
| 082 | _a297.576 MOU | ||
| 100 |
_aMoudodi Abual Ala _99832 |
||
| 245 |
_aParda _hUrdu |
||
| 260 |
_aLahore _bIslamic Publications _c2013 |
||
| 300 | _a280p. | ||
| 500 | _aGeneral Books | ||
| 942 |
_aCAE NUST _cBK _k297.2113 YOU _2ddc |
||